| 000 | 01018nam a22002417a 4500 | ||
|---|---|---|---|
| 005 | 20211008164619.0 | ||
| 008 | 211005b ||||| |||| 00| 0 eng d | ||
| 040 | _cAL | ||
| 041 | _akan | ||
| 082 |
_223 _a631.58K _bARDP |
||
| 100 |
_aArdhendu S Chatterji; ಅರ್ಧೇಂದು ಎಸ್ ಚಟರ್ಜಿ _9772 |
||
| 245 | _aPermaculture: ಪರ್ಮಾಕಲ್ಚರ್ | ||
| 260 |
_aBengaluru _bAkshara Printers _c2021 |
||
| 300 |
_axii,258p. _bPB _c24x16cm. |
||
| 365 |
_aBLCR-000057 _b180.00 _c₹ _d225.00 _e20% _f23-09-2021 |
||
| 520 | _uಶಾಶ್ವತ ಕೃಷಿಯ ಕಲೆ ಮತ್ತು ವಿಜ್ಞಾನ | ||
| 600 |
_aಅರ್ಧೇಂದು ಎಸ್. ಚಟರ್ಜಿ _9773 |
||
| 650 |
_aAgriculture Art; ಕೃಷಿಯ ಕಲೆ _9774 |
||
| 650 |
_aಪರ್ಮಾಕಲ್ಚರ್ _9775 |
||
| 700 |
_aCHATTERJEE (Ardhendu S); ಚಟರ್ಜಿ (ಅರ್ಧೇಂದು ಎಸ್) _9776 |
||
| 700 |
_aGayatri (V); ಗಾಯತ್ರಿ (ವಿ) Tr _9831 |
||
| 942 |
_2ddc _cBK |
||
| 999 |
_c216491 _d216491 |
||